| 000 | 00600nam a2200193Ia 4500 | ||
|---|---|---|---|
| 003 | GCL | ||
| 008 | 140319s9999 xx 000 0 ara d | ||
| 040 |
_aGCL / _cGCL |
||
| 082 | 0 | 4 |
_a330.12 _bن ت |
| 100 | 1 | _aنجمان ياسين | |
| 245 | 1 | 0 |
_aتطور الاوضاع الاقتصادية فى عصر الرسالة والراشدين / _cنجمان ياسين |
| 260 |
_a[S.N] : _b2000 للثقافة والنشر ، _c1991 |
||
| 300 | _a367 ص | ||
| 490 | _a | ||
| 650 | 0 | 4 | _aالاقتصاد |
| 650 | 0 | 4 | _aالاسلام |
| 650 | 0 | 4 | _aالاقتصاد الاسلامى |
| 942 |
_2ddc _cBK |
||
| 999 |
_c52676 _d52676 |
||